| 000 | 00636nam a2200241Ia 4500 | ||
|---|---|---|---|
| 003 | OSt | ||
| 005 | 20221007101759.0 | ||
| 006 | a|||||r|||| 00| 0 | ||
| 007 | ta | ||
| 008 | 221006b |||||||| |||| 00| 0 eng d | ||
| 024 | _a7,926 | ||
| 037 | _cTextual | ||
| 040 |
_aLCO _cLCO _beng |
||
| 041 |
_2eng _aeng |
||
| 082 | _aZm2,N56, J6 | ||
| 100 | _aINDIA, LAW (Ministry of ---) | ||
| 245 | 0 | _aActs of Parliament, 1951 | |
| 260 |
_aDelhi _bManager of Publications _c1956 |
||
| 300 | _avar. | ||
| 650 | _aINDIA LAW | ||
| 942 |
_hZm2,N56, J6 _cTEXL |
||
| 999 |
_c1177489 _d1177489 |
||